• 首页
  • 本馆介绍
  • 公告通知
  • 最新文献
  • 馆藏检索
  • 电子资源
  • 读者导购
  • 参考咨询
  • 我的图书馆
  • 登录
  • 详细信息显示
  • 放入我的书架
  • 预约/预借图书
  • 作者相关作品
  • 分类相关作品
  • 丛书相关作品
  • 出版社相关作品

书目信息

  • 表格格式
  • 工作单格式
  • 卡片格式
题名:
饲料用粮草栽培技术
    
 
作者: 满昌伟 编
分册:  
出版信息: 北京   化学工业出版社  2016
页数: 271页
开本: 21cm
丛书名:
单 册:
中图分类: S54
科图分类:
主题词: 饲料作物--栽培技术
电子资源:
ISBN: 978-7-122-25818-2
000 00762nam0 2200217 450
001 2948
005 20161207091617.48
010    @a978-7-122-25818-2@dCNY39.00
100    @a20160406d2016 em y0chiy50 ea
101 0  @achi
102    @aCN@b110000
105    @aa z 000yy
200 1  @a饲料用粮草栽培技术@9si liao yong liang cao zai pei ji shu@f满昌伟等编
210    @a北京@c化学工业出版社@d2016
215    @a271页@c图@d21cm
330    @a本书详细介绍了饲料用玉米、稻谷、小麦、谷子、高粱、甘薯、马铃薯、大豆、菜籽的生育特点,详细的栽培技术。而且书中还简单介绍了牲畜青鲜饲料的栽培技术。
606 0  @a饲料作物@x栽培技术
690    @aS54@v5
701  0 @a满昌伟@9man chang wei@4编
801  0 @aCN@b大连网信软件有限公司图书馆·11@c20161207
905    @aZUCC@dS54@e67
    
    饲料用粮草栽培技术/满昌伟等编.-北京:化学工业出版社,2016
    271页:图;21cm
    
    
    ISBN 978-7-122-25818-2:CNY39.00
    本书详细介绍了饲料用玉米、稻谷、小麦、谷子、高粱、甘薯、马铃薯、大豆、菜籽的生育特点,详细的栽培技术。而且书中还简单介绍了牲畜青鲜饲料的栽培技术。
●
相关链接 在E读中查询图书 在五车中查询图书 在当当中查询图书 在豆瓣中查询图书


正题名:饲料用粮草栽培技术     索取号:S54/67         预约/预借

序号 登录号 条形码 馆藏地/架位号 状态 备注
1 912682   209126827   第二样本阅览室/ [索取号:S54/67] 在馆    
2 912683   209126836   第三借阅区/ [索取号:S54/67] 在馆    
3 912684   209126845   第三借阅区/ [索取号:S54/67] 在馆    
4 912685   209126854   第三借阅区/ [索取号:S54/67] 在馆    
唐山师范学院图书馆 欢迎您!
大连网信软件有限公司© 版权所有